ARRUPE JESUIT UNIVERSITY

CORONAVIRUS -STOP THE SPREAD - CLEAN,DISINFECT,COVER

Rugged individualism reconsidered (Record no. 6149)

MARC details
000 -LEADER
fixed length control field 00482nam a2200193Ia 4500
003 - CONTROL NUMBER IDENTIFIER
control field 0100
008 - FIXED-LENGTH DATA ELEMENTS--GENERAL INFORMATION
fixed length control field 130227s9999 xx 000 0 und d
040 ## - CATALOGING SOURCE
Transcribing agency ARRUPELIB
050 ## - LIBRARY OF CONGRESS CALL NUMBER
Classification number GN502.H78 1983
100 ## - MAIN ENTRY--PERSONAL NAME
Personal name Hsu, Francis L.K.
9 (RLIN) 37891
245 ## - TITLE STATEMENT
Title Rugged individualism reconsidered
260 ## - PUBLICATION, DISTRIBUTION, ETC. (IMPRINT)
Place of publication, distribution, etc Knoxville
Name of publisher, distributor, etc The University of Tennessee
Date of publication, distribution, etc 1983
300 ## - PHYSICAL DESCRIPTION
Extent xiii
300 ## - PHYSICAL DESCRIPTION
Other physical details 467p. 23cm.
650 ## - SUBJECT ADDED ENTRY--TOPICAL TERM
Topical term or geographic name as entry element Ethnospychology
General subdivision Addresses, essays, lectures
9 (RLIN) 37892
650 ## - SUBJECT ADDED ENTRY--TOPICAL TERM
Topical term or geographic name as entry element Individualism
General subdivision Addresses, essays, lectures
9 (RLIN) 37893
650 ## - SUBJECT ADDED ENTRY--TOPICAL TERM
Topical term or geographic name as entry element Kinship
General subdivision Addresses, lectures, essays
9 (RLIN) 37894
942 ## - ADDED ENTRY ELEMENTS (KOHA)
Source of classification or shelving scheme Library of Congress Classification
Item type Monograph ( Printed materials)
Holdings
Withdrawn status Lost status Source of classification or shelving scheme Damaged status Not for loan Collection code Home library Current library Shelving location Date acquired Total Checkouts Full call number Barcode Date last seen Copy number Price effective from Koha item type
    Library of Congress Classification     Main Collection ARRUPE LIBRARY ARRUPE LIBRARY   27/02/2013   GN502.H78 1983 46408582 09/04/2018 1 27/02/2013 Monograph ( Printed materials)

 

Arrupe Library. PO Box MP320 Mt Pleasant, Harare, Zimbabwe
263 242 745411|librarian@aju.ac.zw